Kriminologische Forschungsdaten: suchen, finden - und irgendwann selbst publizieren? = Criminological research data: searching, finding - and even publishing?
Das Thema Forschungsdatenmanagement ist derzeit ein großer Baustein in der Open Science-Strategie vieler Institutionen und beschreibt eine neue Form des Umgangs mit Forschungsdaten, der einerseits der technischen Entwicklung gerecht werden, andererseits zu einer vermehrten Publikation von Forschungs...
| Main Author: | |
|---|---|
| Format: | Electronic Article |
| Language: | German |
| Published: |
2025
|
| In: |
Kriminologie - das Online-Journal
Year: 2025, Volume: 7, Issue: 4, Pages: 549-551 |
| Online Access: |
Volltext (Publisher) Volltext (kostenfrei) |
| Rights Information: | CC BY 4.0 |
| Check availability: | HBZ Gateway |
| Keywords: |
MARC
| LEADER | 00000naa a2200000 c 4500 | ||
|---|---|---|---|
| 001 | 1946883263 | ||
| 003 | DE-627 | ||
| 005 | 20251219083458.0 | ||
| 007 | cr uuu---uuuuu | ||
| 008 | 251219s2025 xx |||||o 00| ||ger c | ||
| 024 | 7 | |a 10.18716/ojs/krimoj/2025.4.8 |2 doi | |
| 035 | |a (DE-627)1946883263 | ||
| 035 | |a (DE-599)KXP1946883263 | ||
| 040 | |a DE-627 |b ger |c DE-627 |e rda | ||
| 041 | |a ger | ||
| 084 | |a 2,1 |2 ssgn | ||
| 100 | 1 | |a Stelzel, Katharina |e VerfasserIn |0 (DE-588)1058712381 |0 (DE-627)797881662 |0 (DE-576)41485036X |4 aut | |
| 109 | |a Stelzel, Katharina |a Stelzel, K. | ||
| 245 | 1 | 0 | |a Kriminologische Forschungsdaten: suchen, finden - und irgendwann selbst publizieren? |b = Criminological research data: searching, finding - and even publishing? |c Katharina Stelzel |
| 246 | 3 | 1 | |a Criminological research data: searching, finding - and even publishing? |
| 264 | 1 | |c 2025 | |
| 336 | |a Text |b txt |2 rdacontent | ||
| 337 | |a Computermedien |b c |2 rdamedia | ||
| 338 | |a Online-Ressource |b cr |2 rdacarrier | ||
| 500 | |a Veröffentlicht am 18.12.2025 | ||
| 500 | |a Literaturverzeichnis: Seite 551 | ||
| 520 | |a Das Thema Forschungsdatenmanagement ist derzeit ein großer Baustein in der Open Science-Strategie vieler Institutionen und beschreibt eine neue Form des Umgangs mit Forschungsdaten, der einerseits der technischen Entwicklung gerecht werden, andererseits zu einer vermehrten Publikation von Forschungsdaten führen soll. In KrimDok werden bereits zahlreiche kriminologisch relevante Forschungsdatensets nachgewiesen. Außerdem findet sich auf der KrimDok-Startseite in der Rubrik „Forschungsdatenmanagement“ eine Sammlung an Information, die eine persönliche Vertiefung in dieses Themenfeld ermöglicht. | ||
| 520 | |a The topic of research data management is one of the pillars of many instituitions‘open science strategie. It describes the new form of dealing with research data which at the same time considers technological developments and is supposed to result in more publication of research data. KrimDok already records a number of criminologically relevant research data. The landing page of KrimDok also offers a category „Research Data Management“ of additional information for users. | ||
| 540 | |q DE-2619 |a Namensnennung 4.0 International |f CC BY 4.0 |2 cc |u http://creativecommons.org/licenses/by/4.0/ | ||
| 650 | 0 | 7 | |0 (DE-588)1342271416 |0 (DE-627)1902759230 |a Forschungsdatenmanagement |2 gnd |
| 650 | 4 | |a Archive | |
| 650 | 4 | |a FID Kriminologie | |
| 650 | 4 | |a Infrastruktur in der Kriminologie | |
| 650 | 4 | |a KrimDok | |
| 650 | 4 | |a FID Criminology | |
| 650 | 4 | |a Infrastructure in Criminology | |
| 650 | 4 | |a Krim Dok | |
| 650 | 4 | |a Research Data Management | |
| 773 | 0 | 8 | |i Enthalten in |t Kriminologie - das Online-Journal |d Köln : Universitätz zu Köln, Institut für Kriminologie, 2019 |g 7(2025), 4, Seite 549-551 |h Online-Ressource |w (DE-627)1677979240 |w (DE-600)2985724-7 |x 2698-6779 |7 nnas |
| 773 | 1 | 8 | |g volume:7 |g year:2025 |g number:4 |g pages:549-551 |
| 856 | 4 | 0 | |u https://doi.org/10.18716/ojs/krimoj/2025.4.8 |x Resolving-System |z kostenfrei |3 Volltext |7 0 |
| 856 | 4 | 0 | |u https://www.kriminologie.de/index.php/krimoj/article/view/457/277 |x Verlag |7 1 |
| 951 | |a AR | ||
| ELC | |a 1 | ||
| LOK | |0 000 xxxxxcx a22 zn 4500 | ||
| LOK | |0 001 4831130516 | ||
| LOK | |0 003 DE-627 | ||
| LOK | |0 004 1946883263 | ||
| LOK | |0 005 20251219083458 | ||
| LOK | |0 008 251219||||||||||||||||ger||||||| | ||
| LOK | |0 040 |a DE-2619 |c DE-627 |d DE-2619 | ||
| LOK | |0 092 |o n | ||
| LOK | |0 852 |a DE-2619 | ||
| LOK | |0 852 1 |9 00 | ||
| LOK | |0 939 |a 19-12-25 |b l01 | ||
| OAS | |a 1 | ||
| ORI | |a SA-MARC-krimdoka001.raw | ||
